Fußballverein nach Land - Klickquiz - Statistiken

Allgemein
  • Dieses Quiz wurde 194 mal gespielt
  • Das Durchschnittsergebnis liegt bei 20 aus 22
Antwortstatistiken
Hint Antwort % Korrekt
Olympiakos Piräus Griechenland
99%
Legia Warschau Polen
98%
Inter Miami USA
98%
Arsenal England
97%
Atalanta Bergamo Italien
97%
FC Kopenhagen Dänemark
96%
VfB Stuttgart Deutschland
96%
Sporting Portugal
96%
Celtic Glasgow Schottland
96%
Slovan Bratislava Slowakei
95%
Real Sociedad Spanien
95%
Shakhtar Donetsk Ukraine
95%
Galatasaray Türkei
94%
Viking FK Norwegen
93%
Roter Stern Belgrad Serbien
93%
SK Sturm Graz Österreich
92%
BSC Young Boys Schweiz
92%
Stade Brest Frankreich
91%
Flamengo Brasilien
88%
Union Saint-Gilloise Belgien
87%
Go Ahead Eagles Niederlande
71%
CA Platense Argentinien
70%
Keine übereinstimmenden Quizze gefunden
Verteilung der Resultate
Anzahl Personen mit jedem Resultat
Perzentil nach korrekt beantworteten Fragen
Ihre Resultats-Entwicklung
Sie haben dieses Quiz noch nicht gespielt